அறிவையும் ஆன்மாவையும் போஷிக்கும் அல்குர்ஆனியப் போதணைகள்? /
Arivaiyum Anmaavaiyum poshikkum Ai-Qur'aniya pothanaikal
Saved in:
| Format: | Book |
|---|---|
| Published: |
மகரகம :
ஆசிரியர் வௌியீடு,
2024.
|
| Tags: |
Add Tag
No Tags, Be the first to tag this record!
|
MARC
| LEADER | 00000nam a2200000 a 4500 | ||
|---|---|---|---|
| 003 | LK-CoNLD | ||
| 005 | 20260407135835.0 | ||
| 008 | 260407b |||||||| |||| 00| 0 ||| d | ||
| 017 | |b LK-CoDNA | ||
| 020 | |a 9786249398405 | ||
| 040 | |a LK-CoNLD |b TAM |c LK-CoNLD |d LK-CoNLD | ||
| 082 | |2 23 |q LK-CoNLD | ||
| 245 | |6 880 - 1 |a அறிவையும் ஆன்மாவையும் போஷிக்கும் அல்குர்ஆனியப் போதணைகள்? / |c அஷ்ஷெய்க் ஏ. ஜே. எம். ஷிஹான் (நளீமி). | ||
| 260 | |a மகரகம : |b ஆசிரியர் வௌியீடு, |c 2024. | ||
| 300 | |a ப. 172 ; | ||
| 880 | |6 245-1 |a Arivaiyum Anmaavaiyum poshikkum Ai-Qur'aniya pothanaikal | ||
| 942 | |c BOOK | ||
| 945 | |a 22 |b Logeshwary RAMASAMY |c 22 |d Logeshwary RAMASAMY | ||
| 999 | |c 298731 |d 298731 | ||